Country of Europe and European Association - Statistics

General Stats
  • This quiz has been taken 12 times
  • The average score is 251 of 312
Answer Stats
Country Regions Answer % Correct
Albania Europe ✔️
100%
Albania Union Européenne
100%
Albania Zone Euro
100%
Albania Espace Schengen
88%
Albania Conseil de l'Europe ✔️
88%
Albania UEFA ✔️
88%
Germany ✔️
88%
Germany ✔️
88%
Germany ✔️
88%
Germany ✔️
88%
Germany ✔️
88%
Germany ✔️
88%
Andorra ✔️
88%
Andorra
88%
Andorra ✔️
88%
Andorra
88%
Andorra ✔️
88%
Andorra ✔️
88%
Armenia
88%
Armenia
88%
Armenia
88%
Armenia
88%
Armenia ✔️
88%
Armenia ✔️
88%
Austria ✔️
88%
Austria ✔️
88%
Austria ✔️
88%
Austria ✔️
88%
Austria ✔️
88%
Austria ✔️
88%
Azerbaijan
88%
Azerbaijan
88%
Azerbaijan
88%
Azerbaijan ✔️
88%
Azerbaijan ✔️
88%
Belgium ✔️
88%
Belgium ✔️
88%
Belgium ✔️
88%
Belgium ✔️
88%
Belgium ✔️
88%
Belgium ✔️
88%
Belarus ✔️
88%
Belarus
88%
Belarus
88%
Belarus
88%
Belarus
88%
Belarus ✔️
88%
Bosnia and Herzegovina ✔️
88%
Bosnia and Herzegovina
88%
Bosnia and Herzegovina
88%
Bosnia and Herzegovina
88%
Bosnia and Herzegovina ✔️
88%
Bosnia and Herzegovina ✔️
88%
Bulgaria ✔️
88%
Bulgaria ✔️
88%
Bulgaria
88%
Bulgaria
88%
Bulgaria ✔️
88%
Bulgaria ✔️
88%
Cyprus
88%
Cyprus ✔️
88%
Cyprus ✔️
88%
Cyprus
88%
Cyprus ✔️
88%
Cyprus ✔️
88%
Croatia ✔️
88%
Croatia ✔️
88%
Croatia
88%
Croatia
88%
Croatia ✔️
88%
Croatia ✔️
88%
Denmark ✔️
88%
Denmark ✔️
88%
Denmark
88%
Denmark ✔️
88%
Denmark ✔️
88%
Denmark ✔️
88%
Estonia ✔️
88%
Estonia ✔️
88%
Estonia ✔️
88%
Estonia ✔️
88%
Estonia ✔️
88%
Estonia ✔️
88%
Finland ✔️
88%
Finland ✔️
88%
Finland ✔️
88%
Finland ✔️
88%
Finland ✔️
88%
Finland ✔️
88%
France ✔️
88%
France ✔️
88%
France ✔️
88%
France ✔️
88%
France ✔️
88%
Georgia
88%
Georgia
88%
Georgia
88%
Georgia ✔️
88%
Georgia ✔️
88%
Greece ✔️
88%
Greece ✔️
88%
Greece ✔️
88%
Greece ✔️
88%
Greece ✔️
88%
Greece ✔️
88%
Hungary ✔️
88%
Hungary ✔️
88%
Hungary
88%
Hungary ✔️
88%
Hungary ✔️
88%
Hungary ✔️
88%
Iceland ✔️
88%
Iceland
88%
Iceland
88%
Iceland ✔️
88%
Iceland ✔️
88%
Iceland ✔️
88%
Ireland ✔️
88%
Ireland ✔️
88%
Ireland ✔️
88%
Ireland
88%
Ireland ✔️
88%
Ireland ✔️
88%
Israel
88%
Israel
88%
Israel
88%
Israel
88%
Israel
88%
Israel ✔️
88%
Czechia ✔️
88%
Czechia ✔️
88%
Czechia
88%
Czechia ✔️
88%
Czechia ✔️
88%
Czechia ✔️
88%
Spain ✔️
75%
Spain ✔️
75%
Spain ✔️
75%
Spain ✔️
75%
Spain ✔️
75%
Italy ✔️
75%
Italy ✔️
75%
Italy ✔️
75%
Italy ✔️
75%
Italy ✔️
75%
Italy ✔️
75%
Kazakhstan
75%
Kazakhstan
75%
Kazakhstan
75%
Kazakhstan
75%
Kazakhstan ✔️
75%
Kosovo ✔️
75%
Kosovo
75%
Kosovo ✔️
75%
Kosovo
75%
Kosovo
75%
Kosovo ✔️
75%
Latvia ✔️
75%
Latvia ✔️
75%
Latvia ✔️
75%
Latvia ✔️
75%
Latvia ✔️
75%
Latvia ✔️
75%
Lebanon
75%
Lebanon
75%
Lebanon
75%
Lebanon
75%
Lebanon
75%
Lebanon
75%
Liechtenstein ✔️
75%
Liechtenstein
75%
Liechtenstein
75%
Liechtenstein ✔️
75%
Liechtenstein ✔️
75%
Liechtenstein ✔️
75%
Lithuania ✔️
75%
Lithuania ✔️
75%
Lithuania ✔️
75%
Lithuania ✔️
75%
Lithuania ✔️
75%
Lithuania ✔️
75%
Luxembourg ✔️
75%
Luxembourg ✔️
75%
Luxembourg ✔️
75%
Luxembourg ✔️
75%
Luxembourg ✔️
75%
Luxembourg ✔️
75%
Malta ✔️
75%
Malta ✔️
75%
Malta ✔️
75%
Malta ✔️
75%
Malta ✔️
75%
Malta ✔️
75%
North Macédonia ✔️
75%
North Macédonia
75%
North Macédonia
75%
North Macédonia
75%
North Macédonia ✔️
75%
North Macédonia ✔️
75%
Moldova ✔️
75%
Moldova
75%
Moldova
75%
Moldova
75%
Moldova ✔️
75%
Moldova ✔️
75%
Monaco ✔️
75%
Monaco
75%
Monaco ✔️
75%
Monaco
75%
Monaco ✔️
75%
Monaco
75%
Montenegro ✔️
75%
Montenegro
75%
Montenegro ✔️
75%
Montenegro
75%
Montenegro ✔️
75%
Montenegro ✔️
75%
Norway
75%
Norway
75%
Norway ✔️
75%
Norway ✔️
75%
Norway ✔️
75%
Netherlands ✔️
75%
Netherlands ✔️
75%
Netherlands ✔️
75%
Netherlands ✔️
75%
Netherlands ✔️
75%
Poland ✔️
75%
Poland ✔️
75%
Poland
75%
Poland ✔️
75%
Poland ✔️
75%
Poland ✔️
75%
Portugal ✔️
75%
Portugal ✔️
75%
Portugal ✔️
75%
Portugal ✔️
75%
Portugal ✔️
75%
Romania ✔️
75%
Romania ✔️
75%
Romania
75%
Romania
75%
Romania ✔️
75%
Romania ✔️
75%
United Kingdom prebrexit ✔️
75%
United Kingdom prebrexit
75%
United Kingdom prebrexit
75%
United Kingdom prebrexit ✔️
75%
United Kingdom prebrexit
75%
United Kingdom postbrexit
75%
United Kingdom postbrexit
75%
United Kingdom postbrexit
75%
United Kingdom postbrexit ✔️
75%
United Kingdom postbrexit
75%
Russia
75%
Russia
75%
Russia
75%
Russia ✔️
75%
Russia ✔️
75%
San Marino ✔️
75%
San Marino
75%
San Marino ✔️
75%
San Marino
75%
San Marino ✔️
75%
San Marino ✔️
75%
Serbia ✔️
75%
Serbia
75%
Serbia
75%
Serbia
75%
Serbia ✔️
75%
Serbia ✔️
75%
Slovakia ✔️
75%
Slovakia ✔️
75%
Slovakia ✔️
75%
Slovakia ✔️
75%
Slovakia ✔️
75%
Slovakia ✔️
75%
Slovenia ✔️
75%
Slovenia ✔️
75%
Slovenia ✔️
75%
Slovenia ✔️
75%
Slovenia ✔️
75%
Slovenia ✔️
75%
Sweden ✔️
75%
Sweden ✔️
75%
Sweden
75%
Sweden ✔️
75%
Sweden ✔️
75%
Sweden ✔️
75%
Switzerland ✔️
75%
Switzerland
75%
Switzerland
75%
Switzerland
75%
Switzerland ✔️
75%
Switzerland ✔️
75%
Turkey
75%
Turkey
75%
Turkey
75%
Turkey ✔️
75%
Turkey ✔️
75%
Ukraine ✔️
75%
Ukraine
75%
Ukraine
75%
Ukraine
75%
Ukraine ✔️
75%
Ukraine ✔️
75%
Vatican City ✔️
75%
Vatican City
75%
Vatican City ✔️
75%
Vatican City
75%
Vatican City
75%
Vatican City
75%
No matching quizzes found
Score Distribution
Percent of People with Each Score
Percentile by Number Answered
Your Score History
You have not taken this quiz